On the make /

Guardat en:
Dades bibliogràfiques
Autor principal: Quintavalle, Uberto Paolo
Altres autors: Quigly, Isabel
Format: Llibre
Idioma:English
Italian
Publicat: London : Harvill Press, 1962.
LEADER 00975cam a2200253 a 4500
001 c000275875
003 CARM
005 20071108135524.0
008 800925s1962 enk 000 1 eng d
019 1 |a 26095749  |z 40251543  |5 LACONCORD2021 
035 |a (OCoLC)6754514  |5 LACONCORD2021 
040 |a CStRLN  |b eng  |c CStRLIN  |d NU  |d VCAV 
041 1 |a eng  |a ita 
082 0 4 |a 853.8  |2 18 
100 1 |a Quintavalle, Uberto Paolo. 
240 1 0 |a Capitale mancata.  |l English 
245 1 0 |a On the make /  |c Uberto Paolo Quintavalle ; translated from the Italian by Isabel Quigly. 
260 |a London :  |b Harvill Press,  |c 1962. 
300 |a 190 p. ;  |c 21 cm. 
500 |a Translated from the original Italian "Capitale mancata". 
700 1 |a Quigly, Isabel. 
852 8 |b CARM  |h A1:AM07G0  |i B09288  |p 0395484  |f BK 
999 f f |i 951edb4f-ddd9-591f-bbf1-005c21075d25  |s e6077ba7-261e-50ff-aa2b-f1b405b4f424 
952 f f |p Can circulate  |a CAVAL  |b CAVAL  |c CAVAL  |d CARM 1 Store  |e B09288  |f A1:AM07G0  |h Other scheme  |i book  |m 0395484